| 000 | 01240nam a2200253Ia 4500 | ||
|---|---|---|---|
| 999 |
_c55385 _d55385 |
||
| 001 | 22465 | ||
| 003 | GE_BSU | ||
| 005 | 20221221162048.0 | ||
| 008 | 181216s2018||||ge |||||||||||||| ||geo|| | ||
| 040 | _cGE_BSU | ||
| 041 | _ageo | ||
| 080 | _a82 ჩ-95 | ||
| 100 |
_aჩხარტიშვილი, სოფიო _910754 |
||
| 245 |
_aაჭარაში მცხოვრებ პონტოელ ბერძენთა ფოლკლორული მემკვიდრეობა / _cსოფიო ჩხარტიშვილი; სამეცნ. ხელმძღვანელი მარინე გიორგაძე; ბსუ. |
||
| 264 |
_aბათუმი, _c2018. |
||
| 300 |
_a194 გვ. _b30 სმ. |
||
| 504 | _aბიბლ.გვ. 177-194 | ||
| 653 | _aაჭარაში მცხოვრებ პონტოელ ბერძენთა ფოლკლორული მემკვიდრეობა | ||
| 653 | _aდისერტაცია | ||
| 653 | _aფოლკლორი | ||
| 700 |
_aგიორგაძე, მარინე _eსამეცნ. ხელმძღვანელი _910755 |
||
| 711 |
_aბსუ _910756 |
||
| 942 |
_cDS _2udc |
||